[Event "Monarch Assurance Isle of Man 9th"]
[Site "Port Erin IOM"]
[Date "2000.10.19"]
[Round "6.4"]
[White "Cherniaev, Alexander"]
[Black "Ward, Chris"]
[Result "1/2-1/2"]
[WhiteElo "2454"]
[BlackElo "2510"]
[PlyCount "71"]
[EventDate "2000.10.14"]
[EventType "swiss"]
[EventRounds "9"]
[EventCountry "IOM"]
[SourceTitle "BritBase"]
[SourceDate "2008.07.14"]
[SourceVersion "1"]
[SourceVersionDate "2008.07.14"]
[SourceQuality "2"]

1. e4 c5 2. c3 Nf6 3. e5 Nd5 4. Nf3 Nc6 5. g3 d6 6. exd6 Bg4 7. h3 Bh5 8. Bg2
e6 9. b4 Bxd6 10. bxc5 Bxc5 11. d4 Be7 12. O-O O-O 13. Bb2 Qb6 14. Qb3 Na5 15.
Qxb6 Nxb6 16. Ba3 Rfe8 17. Ne5 f6 18. Ng4 Rac8 19. Re1 Nbc4 20. Bc1 Bd6 21. Nd2
Nxd2 22. Bxd2 Nc4 23. Bc1 Na3 24. Bxb7 Rxc3 25. Ne3 Rb8 26. Bg2 Rd3 27. Bf1
Rxd4 28. Bxa3 Bxa3 29. Nc2 Ra4 30. Nxa3 Rxa3 31. Bc4 Bf7 32. Bxe6 Bxe6 33. Rxe6
Rb2 34. Rd1 Kf7 35. Re4 Rb7 36. Re2 1/2-1/2

[Event "Monarch Assurance Isle of Man 9th"]
[Site "Port Erin IOM"]
[Date "2000.10.19"]
[Round "6.5"]
[White "Quinn, Mark"]
[Black "Arkell, Keith"]
[Result "1/2-1/2"]
[WhiteElo "2381"]
[BlackElo "2481"]
[PlyCount "77"]
[EventDate "2000.10.14"]
[EventType "swiss"]
[EventRounds "9"]
[EventCountry "IOM"]
[SourceTitle "BritBase"]
[SourceDate "2008.07.14"]
[SourceVersion "1"]
[SourceVersionDate "2008.07.14"]
[SourceQuality "2"]

1. Nf3 Nf6 2. c4 c5 3. Nc3 Nc6 4. d4 cxd4 5. Nxd4 g6 6. e4 d6 7. Be2 Bg7 8. Be3
O-O 9. O-O Nxd4 10. Bxd4 Be6 11. Qd2 Qa5 12. Rfd1 Rfc8 13. b3 Qd8 14. Rac1 Qf8
15. Be3 a6 16. f3 Nd7 17. Rc2 Rc7 18. Rdc1 Rac8 19. Nd5 Bxd5 20. exd5 b6 21. b4
Ra8 22. Rb1 Rca7 23. h4 a5 24. b5 Bf6 25. Bh6 Qc8 26. h5 gxh5 27. Kf2 Ne5 28.
Be3 Qf5 29. Kg1 Rb7 30. f4 Ng4 31. Bd3 Qd7 32. Kh1 Kh8 33. Qe2 Rg8 34. Bg1 h4
35. Rf1 Qc8 36. Qe4 Rg7 37. Rf3 Nh6 38. Rh3 Qg4 39. Re2 1/2-1/2

[Event "Monarch Assurance Isle of Man 9th"]
[Site "Port Erin IOM"]
[Date "2000.10.19"]
[Round "6.6"]
[White "Akesson, Ralf"]
[Black "Plaskett, James"]
[Result "1-0"]
[WhiteElo "2486"]
[BlackElo "2529"]
[PlyCount "69"]
[EventDate "2000.10.14"]
[EventType "swiss"]
[EventRounds "9"]
[EventCountry "IOM"]
[SourceTitle "BritBase"]
[SourceDate "2008.07.14"]
[SourceVersion "1"]
[SourceVersionDate "2008.07.14"]
[SourceQuality "2"]

1. d4 e6 2. c4 Nf6 3. Nc3 Bb4 4. Qc2 d5 5. cxd5 Qxd5 6. e3 c5 7. Bd2 Bxc3 8.
Bxc3 cxd4 9. Bxd4 Nc6 10. Bc3 Bd7 11. Nf3 Rc8 12. a3 Ne7 13. Rd1 Qc5 14. e4 O-O
15. Bd3 Ng6 16. g3 Qh5 17. Be2 Bb5 18. O-O Rc5 19. Bxb5 Rxb5 20. Nd4 Ng4 21. f4
Ne3 22. Qd3 Nxf1 23. Nxb5 Nxh2 24. Bb4 Ng4 25. Rd2 Rc8 26. Nc7 Rf8 27. Bxf8
Nxf8 28. e5 Nh6 29. Nb5 Nf5 30. Nd6 h6 31. Nxb7 Qh3 32. Nd6 Nxg3 33. Rh2 Qg4
34. Rg2 Ne2+ 35. Qxe2 1-0

[Event "Monarch Assurance Isle of Man 9th"]
[Site "Port Erin IOM"]
[Date "2000.10.19"]
[Round "6.7"]
[White "Jackson, Adrian"]
[Black "Kosteniuk, Alexandra"]
[Result "0-1"]
[WhiteElo "2207"]
[BlackElo "2398"]
[PlyCount "70"]
[EventDate "2000.10.14"]
[EventType "swiss"]
[EventRounds "9"]
[EventCountry "IOM"]
[SourceTitle "BritBase"]
[SourceDate "2008.07.14"]
[SourceVersion "1"]
[SourceVersionDate "2008.07.14"]
[SourceQuality "2"]

1. d4 d5 2. Bg5 h6 3. Bh4 c5 4. dxc5 Qa5+ 5. Nc3 Nc6 6. Qd2 e6 7. e4 dxe4 8.
Nb5 Qxd2+ 9. Kxd2 f5 10. Nc7+ Kd7 11. Nxa8 g5 12. Bg3 f4 13. Rd1 Bxc5 14. Kc1+
Ke7 15. Nc7 a6 16. c3 fxg3 17. fxg3 Bb6 18. Na8 Be3+ 19. Kc2 Nf6 20. b4 Bd7 21.
b5 Ne5 22. Re1 Bc5 23. Nc7 Rc8 24. Nxa6 bxa6 25. bxa6 Ba4+ 26. Kb2 Nd3+ 27.
Bxd3 exd3 28. Nf3 Bc2 29. Nd2 Nd5 30. Nb3 Bb6 31. h4 g4 32. Re5 Bxb3 33. axb3
Nxc3 34. Rc1 Bd4 35. Re4 d2 0-1

[Event "Monarch Assurance Isle of Man 9th"]
[Site "Port Erin IOM"]
[Date "2000.10.19"]
[Round "6.8"]
[White "Cooper, Lawrence"]
[Black "Gladyszev, Oleg"]
[Result "1/2-1/2"]
[WhiteElo "2345"]
[BlackElo "2351"]
[PlyCount "27"]
[EventDate "2000.10.14"]
[EventType "swiss"]
[EventRounds "9"]
[EventCountry "IOM"]
[SourceTitle "BritBase"]
[SourceDate "2008.07.14"]
[SourceVersion "1"]
[SourceVersionDate "2008.07.14"]
[SourceQuality "2"]

1. e4 c5 2. Nf3 e6 3. d4 cxd4 4. Nxd4 Nf6 5. Nc3 Nc6 6. Ndb5 d6 7. Bf4 e5 8.
Bg5 a6 9. Na3 b5 10. Nd5 Be7 11. Bxf6 Bxf6 12. c3 O-O 13. Nc2 Bg4 14. a4
1/2-1/2

[Event "Monarch Assurance Isle of Man 9th"]
[Site "Port Erin IOM"]
[Date "2000.10.19"]
[Round "6.9"]
[White "Peters, Stephen"]
[Black "Gormally, Daniel W"]
[Result "0-1"]
[WhiteElo "2157"]
[BlackElo "2499"]
[PlyCount "82"]
[EventDate "2000.10.14"]
[EventType "swiss"]
[EventRounds "9"]
[EventCountry "IOM"]
[SourceTitle "BritBase"]
[SourceDate "2008.07.14"]
[SourceVersion "1"]
[SourceVersionDate "2008.07.14"]
[SourceQuality "2"]

1. d4 e6 2. c4 Bb4+ 3. Bd2 a5 4. a3 Bxd2+ 5. Qxd2 Nf6 6. Nc3 d6 7. g3 Qe7 8.
Bg2 O-O 9. Nf3 Nc6 10. O-O a4 11. Qc2 Bd7 12. e3 Na5 13. Nd2 e5 14. Nxa4 exd4
15. exd4 Qe2 16. Nc3 Qg4 17. Nce4 Nxe4 18. Bxe4 f5 19. Bd5+ Kh8 20. Qc3 f4 21.
Bf3 Qg5 22. d5 b6 23. Rfe1 Nb7 24. Re2 Nd8 25. Rae1 Nf7 26. Kh1 Ne5 27. Rxe5
dxe5 28. Rxe5 Qg6 29. Re7 Rad8 30. gxf4 Rde8 31. Bh5 Rxe7 32. Bxg6 hxg6 33. Kg2
Rxf4 34. f3 g5 35. h3 Re2+ 36. Kf1 Rh2 37. Qe3 Bxh3+ 38. Ke1 Bf5 39. Qg1 Rfh4
40. Qxg5 Bd3 41. Qe5 Rg2 0-1

[Event "Monarch Assurance Isle of Man 9th"]
[Site "Port Erin IOM"]
[Date "2000.10.19"]
[Round "6.10"]
[White "Palliser, Richard"]
[Black "Sedgwick, David"]
[Result "1-0"]
[WhiteElo "2322"]
[BlackElo "2091"]
[PlyCount "47"]
[EventDate "2000.10.14"]
[EventType "swiss"]
[EventRounds "9"]
[EventCountry "IOM"]
[SourceTitle "BritBase"]
[SourceDate "2008.07.14"]
[SourceVersion "1"]
[SourceVersionDate "2008.07.14"]
[SourceQuality "2"]

1. d4 e5 2. dxe5 Nc6 3. Nf3 Qe7 4. Nc3 Nxe5 5. e4 c6 6. Nxe5 Qxe5 7. f4 Qc7 8.
Be3 Bb4 9. Qd4 Bxc3+ 10. Qxc3 Nf6 11. Bd3 O-O 12. O-O Re8 13. Bd4 Nxe4 14. Rae1
f5 15. Bxe4 fxe4 16. Bxg7 d5 17. Be5 Qf7 18. Re3 Qf5 19. Rg3+ Kf7 20. Rg5 Qe6
21. Rg7+ Kf8 22. Qa3+ Re7 23. Rxe7 Qxe7 24. Bd6 1-0

[Event "Monarch Assurance Isle of Man 9th"]
[Site "Port Erin IOM"]
[Date "2000.10.19"]
[Round "6.11"]
[White "Clark, Stephen P"]
[Black "Bergstrom, Rolf"]
[Result "0-1"]
[WhiteElo "2133"]
[BlackElo "2308"]
[PlyCount "76"]
[EventDate "2000.10.14"]
[EventType "swiss"]
[EventRounds "9"]
[EventCountry "IOM"]
[SourceTitle "BritBase"]
[SourceDate "2008.07.14"]
[SourceVersion "1"]
[SourceVersionDate "2008.07.14"]
[SourceQuality "2"]

1. d4 Nf6 2. Nf3 e6 3. Bf4 b6 4. e3 Be7 5. h3 O-O 6. Nbd2 c5 7. c3 cxd4 8. exd4
Re8 9. Bd3 Bb7 10. O-O d6 11. Re1 Nbd7 12. Nc4 Qc7 13. a4 Bf8 14. Qe2 h6 15. a5
b5 16. Ne3 a6 17. Bh2 e5 18. dxe5 dxe5 19. Bc2 Qc6 20. Red1 Rad8 21. Kh1 Qe6
22. Bf5 Qe7 23. c4 e4 24. Nd4 b4 25. Nb3 Ne5 26. c5 g6 27. Bxe5 Qxe5 28. c6
Bxc6 29. Qc2 Bb5 30. Bg4 Bd3 31. Qd2 Bd6 32. g3 h5 33. Be2 Qe6 34. Bxd3 Qxh3+
35. Kg1 exd3 36. Qxd3 Bxg3 37. Nf1 Rxd3 38. Rxd3 Bxf2+ 0-1

[Event "Monarch Assurance Isle of Man 9th"]
[Site "Port Erin IOM"]
[Date "2000.10.19"]
[Round "6.12"]
[White "Rayner, Francis"]
[Black "Yurenok, Maria"]
[Result "1-0"]
[WhiteElo "2256"]
[BlackElo "2058"]
[PlyCount "43"]
[EventDate "2000.10.14"]
[EventType "swiss"]
[EventRounds "9"]
[EventCountry "IOM"]
[SourceTitle "BritBase"]
[SourceDate "2008.07.14"]
[SourceVersion "1"]
[SourceVersionDate "2008.07.14"]
[SourceQuality "2"]

1. e4 c5 2. Nf3 e6 3. d3 Nc6 4. g3 d5 5. Nbd2 Nf6 6. Bg2 Be7 7. O-O Qc7 8. Re1
b6 9. Qe2 Bb7 10. c3 h6 11. a3 Ba6 12. e5 Nd7 13. c4 dxc4 14. Nxc4 b5 15. Nd6+
Bxd6 16. exd6 Qxd6 17. Bf4 Qe7 18. d4 Rc8 19. d5 Nd4 20. Nxd4 cxd4 21. dxe6
fxe6 22. Qxe6 1-0

[Event "Monarch Assurance Isle of Man 9th"]
[Site "Port Erin IOM"]
[Date "2000.10.19"]
[Round "6.13"]
[White "McLeod, Fraser"]
[Black "Allen, Keith"]
[Result "0-1"]
[WhiteElo "2132"]
[BlackElo "2250"]
[PlyCount "73"]
[EventDate "2000.10.14"]
[EventType "swiss"]
[EventRounds "9"]
[EventCountry "IOM"]
[SourceTitle "BritBase"]
[SourceDate "2008.07.14"]
[SourceVersion "1"]
[SourceVersionDate "2008.07.14"]
[SourceQuality "2"]

1. d4 Nf6 2. c4 g6 3. Nc3 d5 4. cxd5 Nxd5 5. e4 Nxc3 6. bxc3 Bg7 7. Be3 c5 8.
Bc4 O-O 9. Ne2 Nc6 10. O-O Qc7 11. Qc1 a6 12. a4 Bd7 13. f4 e6 14. dxc5 Na5 15.
Ba2 Bxa4 16. Bxe6 Bb5 17. Bg4 Nb3 18. Qc2 Nxa1 19. Rxa1 Bxe2 20. Bxe2 Rfe8 21.
Bf3 Bf8 22. Qf2 a5 23. h4 a4 24. Bd4 Ra5 25. e5 Bxc5 26. h5 b6 27. h6 a3 28.
Kh2 Rd8 29. Qe3 Qe7 30. g3 Ra4 31. f5 gxf5 32. e6 Raxd4 33. exf7+ Kxf7 34. Bh5+
Kf8 35. Qxe7+ Kxe7 36. cxd4 Rxd4 37. Bd1 0-1

[Event "Monarch Assurance Isle of Man 9th"]
[Site "Port Erin IOM"]
[Date "2000.10.19"]
[Round "6.14"]
[White "Hickman, John"]
[Black "Reinemer, Frank"]
[Result "0-1"]
[WhiteElo "2121"]
[BlackElo "2186"]
[PlyCount "78"]
[EventDate "2000.10.14"]
[EventType "swiss"]
[EventRounds "9"]
[EventCountry "IOM"]
[SourceTitle "BritBase"]
[SourceDate "2008.07.14"]
[SourceVersion "1"]
[SourceVersionDate "2008.07.14"]
[SourceQuality "2"]

1. d3 f5 2. e4 d6 3. Nf3 Nf6 4. Nc3 g6 5. g3 Bg7 6. Bg2 c6 7. O-O O-O 8. Bg5 h6
9. Bd2 Kh7 10. Qe2 e5 11. Kh1 Na6 12. Rae1 Nc7 13. Ng1 fxe4 14. dxe4 Ne6 15.
Bc1 Qe7 16. Rd1 Nd4 17. Qd2 Be6 18. Nce2 c5 19. b3 Rad8 20. c3 Nc6 21. Qc2 b5
22. f4 Bg4 23. h3 Bc8 24. g4 b4 25. cxb4 Nxb4 26. Qb1 Nxg4 27. a3 Nc6 28. hxg4
Qh4+ 29. Nh3 Bxg4 30. Qd3 exf4 31. Bxf4 Ne5 32. Qg3 Qh5 33. Nc3 Bxd1 34. Nxd1
g5 35. Bc1 g4 36. Rxf8 Rxf8 37. Ne3 gxh3 38. Bxh3 Rf3 39. Qg2 Rxh3+ 0-1

[Event "Monarch Assurance Isle of Man 9th"]
[Site "Port Erin IOM"]
[Date "2000.10.19"]
[Round "6.15"]
[White "Spanton, Tim"]
[Black "Marusenko, Petr"]
[Result "0-1"]
[WhiteElo "2081"]
[BlackElo "2327"]
[PlyCount "68"]
[EventDate "2000.10.14"]
[EventType "swiss"]
[EventRounds "9"]
[EventCountry "IOM"]
[SourceTitle "BritBase"]
[SourceDate "2008.07.14"]
[SourceVersion "1"]
[SourceVersionDate "2008.07.14"]
[SourceQuality "2"]

1. e4 c6 2. c4 d5 3. cxd5 cxd5 4. exd5 Nf6 5. Nc3 Nxd5 6. d4 Nc6 7. Nf3 Bg4 8.
Qb3 Bxf3 9. gxf3 Nb6 10. Be3 e6 11. Rg1 Bb4 12. O-O-O Bxc3 13. bxc3 Qf6 14. f4
O-O 15. f5 Qxf5 16. Bh6 g6 17. Bxf8 Qxf2 18. Bd3 Rxf8 19. Qc2 Qxc2+ 20. Kxc2
Rc8 21. Kb3 Kf8 22. Rg2 Nd5 23. Re1 Nxd4+ 24. cxd4 Rc3+ 25. Kb2 Rxd3 26. Rc1
Rxd4 27. Rc8+ Ke7 28. Rf2 e5 29. Rh8 h5 30. Rh7 Nf4 31. Kc3 Rd8 32. Rb2 b6 33.
a4 e4 34. Rf2 Nd5+ 0-1

[Event "Monarch Assurance Isle of Man 9th"]
[Site "Port Erin IOM"]
[Date "2000.10.19"]
[Round "6.16"]
[White "Valenti, Richard"]
[Black "Johnson, Paul A"]
[Result "1-0"]
[WhiteElo "2157"]
[BlackElo "1728"]
[PlyCount "75"]
[EventDate "2000.10.14"]
[EventType "swiss"]
[EventRounds "9"]
[EventCountry "IOM"]
[SourceTitle "BritBase"]
[SourceDate "2008.07.14"]
[SourceVersion "1"]
[SourceVersionDate "2008.07.14"]
[SourceQuality "2"]

1. e4 e5 2. Nf3 Nc6 3. d4 exd4 4. c3 Nf6 5. e5 Nd5 6. Qb3 Nb6 7. cxd4 d5 8. Bf4
a6 9. Bd3 Be7 10. a3 Be6 11. Nc3 O-O 12. Qc2 h6 13. h4 Rc8 14. Ne2 Na5 15. b4
Nac4 16. Ng5 Nxa3 17. Rxa3 Bxb4+ 18. Kf1 Bxa3 19. Bh7+ Kh8 20. Bg8 g6 21. Nxe6
fxe6 22. Bxe6 Kg7 23. h5 Qe8 24. Bxh6+ Kh8 25. Bxc8 Nxc8 26. Bxf8 Bxf8 27.
hxg6+ Kg8 28. g7 Bxg7 29. Qh7+ Kf8 30. Rh3 Qb5 31. Rf3+ Ke8 32. Qg8+ Kd7 33.
Qxg7+ Ne7 34. Qg4+ Ke8 35. Qh5+ Kd7 36. Qh3+ Ke8 37. Rb3 Qa4 38. Kg1 1-0

[Event "Monarch Assurance Isle of Man 9th"]
[Site "Port Erin IOM"]
[Date "2000.10.19"]
[Round "6.17"]
[White "Garces, Diego"]
[Black "Ellison, D George"]
[Result "1/2-1/2"]
[WhiteElo "2154"]
[BlackElo "2100"]
[PlyCount "21"]
[EventDate "2000.10.14"]
[EventType "swiss"]
[EventRounds "9"]
[EventCountry "IOM"]
[SourceTitle "BritBase"]
[SourceDate "2008.07.14"]
[SourceVersion "1"]
[SourceVersionDate "2008.07.14"]
[SourceQuality "2"]

1. c4 e5 2. Nc3 c5 3. g3 Nc6 4. Bg2 g6 5. e4 Bg7 6. Nge2 Nge7 7. O-O d6 8. d3
O-O 9. h3 a6 10. a4 Rb8 11. f4 1/2-1/2

[Event "Monarch Assurance Isle of Man 9th"]
[Site "Port Erin IOM"]
[Date "2000.10.19"]
[Round "6.18"]
[White "Benson, Paul"]
[Black "Hughes, Andrew"]
[Result "0-1"]
[WhiteElo "2011"]
[BlackElo "2043"]
[PlyCount "130"]
[EventDate "2000.10.14"]
[EventType "swiss"]
[EventRounds "9"]
[EventCountry "IOM"]
[SourceTitle "BritBase"]
[SourceDate "2008.07.14"]
[SourceVersion "1"]
[SourceVersionDate "2008.07.14"]
[SourceQuality "2"]

1. d4 Nf6 2. Nc3 c5 3. d5 e6 4. e4 exd5 5. e5 Ne4 6. Nxd5 Nc6 7. Qe2 Nxf2 8.
Qxf2 Nxe5 9. Bf4 d6 10. Nf3 f6 11. O-O-O a6 12. Qe1 Be6 13. Nxe5 dxe5 14. Bxe5
Kf7 15. Nc7 Qc8 16. Nxa8 fxe5 17. Qxe5 Qxa8 18. Bc4 Bxc4 19. Qf4+ Kg6 20. Qxc4
Be7 21. Qe6+ Bf6 22. g4 Re8 23. Qf5+ Kf7 24. Rd7+ Kg8 25. g5 Re5 26. Qf3 Bxg5+
27. Kb1 Qe8 28. Qb3+ Kh8 29. Qxb7 Re1+ 30. Rd1 Re6 31. Qd5 Bf6 32. Qxc5 Qb8 33.
b3 Re5 34. Rd5 Re8 35. Qd6 Qc8 36. Qd7 Qb8 37. Rhd1 Rg8 38. Qd6 Qc8 39. c4 Qg4
40. Qg3 Qe2 41. R5d2 Qe4+ 42. Rd3 Qe2 43. R3d2 Qe4+ 44. Rd3 Qe2 45. R1d2 Qf1+
46. Kc2 Qa1 47. a4 Re8 48. Re3 Rf8 49. Qd6 Rg8 50. Rde2 Qb2+ 51. Kd1 Qb1+ 52.
Kd2 Bg5 53. Re1 Qxb3 54. Qd3 Bxe3+ 55. Rxe3 Qxa4 56. Rh3 Qa5+ 57. Kc1 Qg5+ 58.
Kc2 h6 59. Rg3 Qf4 60. Kc3 Rc8 61. Qd4 Qc7 62. Rg1 Rd8 63. Qe3 Qa5+ 64. Kc2
Qa2+ 65. Kc1 Qxc4+ 0-1

[Event "Monarch Assurance Isle of Man 9th"]
[Site "Port Erin IOM"]
[Date "2000.10.19"]
[Round "6.19"]
[White "Goodger, Martyn"]
[Black "Hill, David F"]
[Result "1/2-1/2"]
[WhiteElo "2148"]
[BlackElo "1992"]
[PlyCount "57"]
[EventDate "2000.10.14"]
[EventType "swiss"]
[EventRounds "9"]
[EventCountry "IOM"]
[SourceTitle "BritBase"]
[SourceDate "2008.07.14"]
[SourceVersion "1"]
[SourceVersionDate "2008.07.14"]
[SourceQuality "2"]

1. e4 c5 2. c3 e6 3. d4 d5 4. e5 Qb6 5. Nf3 Bd7 6. Be2 Nc6 7. O-O cxd4 8. cxd4
Nh6 9. b3 Nf5 10. Bb2 Be7 11. Kh1 h5 12. Nc3 g5 13. Na4 Qd8 14. Nc5 g4 15. Ng1
Qb6 16. Na4 Qd8 17. Nc5 Nxe5 18. Nxe6 fxe6 19. dxe5 Bc5 20. Bd3 Rf8 21. Bxf5
Rxf5 22. Bd4 Qb6 23. Bxc5 Qxc5 24. Rc1 Qb6 25. f3 Bb5 26. Re1 Rg5 27. Qd2 Rg6
28. Qc2 Rg7 29. fxg4 1/2-1/2

[Event "Monarch Assurance Isle of Man 9th"]
[Site "Port Erin IOM"]
[Date "2000.10.19"]
[Round "6.20"]
[White "Van Kemenade, Rudy"]
[Black "Rattray, Ross"]
[Result "1-0"]
[WhiteElo "2080"]
[BlackElo "2109"]
[PlyCount "57"]
[EventDate "2000.10.14"]
[EventType "swiss"]
[EventRounds "9"]
[EventCountry "IOM"]
[SourceTitle "BritBase"]
[SourceDate "2008.07.14"]
[SourceVersion "1"]
[SourceVersionDate "2008.07.14"]
[SourceQuality "2"]

1. e4 c5 2. Nf3 Nc6 3. Bb5 g6 4. O-O Bg7 5. c3 e5 6. d3 Nh6 7. h3 f6 8. d4 Qb6
9. Na3 cxd4 10. Nc4 Qc5 11. b3 O-O 12. Bxc6 Qxc6 13. cxd4 Qxe4 14. Ba3 d6 15.
Nxd6 Qd5 16. Nxc8 Rfxc8 17. dxe5 Qa5 18. Be7 fxe5 19. b4 Qc7 20. Bd6 Qc4 21.
Bxe5 Bxe5 22. Nxe5 Qxb4 23. Qd5+ Kh8 24. Rab1 Qc5 25. Qe6 b6 26. Rbd1 Qf8 27.
Rd7 Qf5 28. Qe7 g5 29. Qg7# 1-0

[Event "Monarch Assurance Isle of Man 9th"]
[Site "Port Erin IOM"]
[Date "2000.10.19"]
[Round "6.21"]
[White "Nicholson, John"]
[Black "Shepherd, Michael"]
[Result "1/2-1/2"]
[WhiteElo "2021"]
[BlackElo "2035"]
[PlyCount "68"]
[EventDate "2000.10.14"]
[EventType "swiss"]
[EventRounds "9"]
[EventCountry "IOM"]
[SourceTitle "BritBase"]
[SourceDate "2008.07.14"]
[SourceVersion "1"]
[SourceVersionDate "2008.07.14"]
[SourceQuality "2"]

1. e4 c5 2. Nc3 Nc6 3. g3 g6 4. Bg2 Bg7 5. d3 d6 6. Be3 e6 7. Qd2 Rb8 8. f4
Nge7 9. Nf3 Nd4 10. Nd1 b6 11. c3 Nxf3+ 12. Bxf3 Bb7 13. O-O O-O 14. d4 f5 15.
e5 Bxf3 16. Rxf3 dxe5 17. dxe5 Qxd2 18. Bxd2 Rfd8 19. Rf2 Rd3 20. Kf1 Rbd8 21.
Ke1 Nc6 22. Ne3 Bf8 23. Rd1 b5 24. Bc1 c4 25. Rxd3 Rxd3 26. Ke2 Bc5 27. Rf1 Kf7
28. Rd1 Rxd1 29. Kxd1 Bxe3 30. Bxe3 a6 31. Kc2 Ke8 32. Bc5 Kd7 33. Kd2 Nd8 34.
Ke3 Nc6 1/2-1/2

[Event "Monarch Assurance Isle of Man 9th"]
[Site "Port Erin IOM"]
[Date "2000.10.19"]
[Round "6.22"]
[White "Schulz, Joerg"]
[Black "Fraser-Mitchell, Jeremy"]
[Result "0-1"]
[WhiteElo "1600"]
[BlackElo "2113"]
[PlyCount "134"]
[EventDate "2000.10.14"]
[EventType "swiss"]
[EventRounds "9"]
[EventCountry "IOM"]
[SourceTitle "BritBase"]
[SourceDate "2008.07.14"]
[SourceVersion "1"]
[SourceVersionDate "2008.07.14"]
[SourceQuality "2"]

1. Nf3 f5 2. c4 Nf6 3. Nc3 d6 4. d4 g6 5. Bg5 Bg7 6. g3 O-O 7. Bg2 Qe8 8. O-O
Na6 9. Re1 Qf7 10. e4 fxe4 11. Nxe4 Qxc4 12. Qd2 Bf5 13. Nc3 e6 14. Nh4 c6 15.
Rac1 Qb4 16. Nxf5 exf5 17. Re7 d5 18. Rce1 Ne4 19. Nxe4 fxe4 20. Qxb4 Nxb4 21.
Be3 Rf7 22. Rxf7 Kxf7 23. a3 Na6 24. Rf1 Rf8 25. f3 exf3 26. Bxf3 Ke8 27. Kg2
Kd8 28. Bg5+ Kc7 29. Bf4+ Kb6 30. Rd1 Nc7 31. Rd3 Ne6 32. Bd6 Rd8 33. Rb3+ Ka6
34. Be2+ b5 35. Be5 Bxe5 36. dxe5 Kb6 37. Bg4 Re8 38. Rf3 Ng5 39. Re3 Ne4 40.
e6 h5 41. Bh3 g5 42. Bf5 Re7 43. h3 c5 44. Re2 Nf6 45. Kf3 Kc6 46. h4 gxh4 47.
gxh4 d4 48. Rg2 Kd6 49. Rg6 Ne8 50. Kf4 c4 51. Rg8 d3 52. Ke3 Ke5 53. Rg5 Kf6
54. Kf4 Rg7 55. Rxh5 Rg1 56. Rh6+ Ke7 57. Rh7+ Ng7 58. h5 Rf1+ 59. Ke4 Rxf5 60.
Rxg7+ Kxe6 61. h6 Rh5 62. h7 d2 63. Rg1 Rxh7 64. Rg6+ Kd7 65. Rg1 Re7+ 66. Kd5
Re1 67. Rg7+ Ke8 0-1

[Event "Monarch Assurance Isle of Man 9th"]
[Site "Port Erin IOM"]
[Date "2000.10.20"]
[Round "7.1"]
[White "Hebden, Mark"]
[Black "Akesson, Ralf"]
[Result "1-0"]
[WhiteElo "2505"]
[BlackElo "2486"]
[PlyCount "93"]
[EventDate "2000.10.14"]
[EventType "swiss"]
[EventRounds "9"]
[EventCountry "IOM"]
[SourceTitle "BritBase"]
[SourceDate "2008.07.14"]
[SourceVersion "1"]
[SourceVersionDate "2008.07.14"]
[SourceQuality "2"]

1. d4 Nf6 2. Nf3 g6 3. Nc3 d5 4. Bf4 Bg7 5. e3 O-O 6. Be2 c5 7. Ne5 Nc6 8. O-O
cxd4 9. exd4 Nd7 10. Nf3 Nb6 11. h3 f6 12. a4 a5 13. Bb5 Bf5 14. Re1 Nb4 15.
Rc1 Rc8 16. Qe2 g5 17. Bh2 Nc4 18. g4 Bg6 19. Nd1 Nd6 20. Bxd6 Qxd6 21. Ne3 e6
22. c3 Nc6 23. Bd3 Ne7 24. Rcd1 Rce8 25. Ng2 Bxd3 26. Rxd3 Nc6 27. Ne3 h6 28.
Rdd1 f5 29. Nh2 Ne7 30. Qb5 fxg4 31. hxg4 Ng6 32. Ng2 Re7 33. Qd3 Rf6 34. Re2
Ref7 35. Rde1 Bf8 36. Nf1 Nf4 37. Nxf4 Qxf4 38. Qg3 Qxg3+ 39. Nxg3 Rf4 40. Kg2
Rxg4 41. Rxe6 Rgf4 42. R1e2 R7f6 43. R6e5 Rd6 44. Nf5 Rf6 45. Ne3 Bd6 46. Rxd5
g4 47. Nc4 1-0

[Event "Monarch Assurance Isle of Man 9th"]
[Site "Port Erin IOM"]
[Date "2000.10.20"]
[Round "7.2"]
[White "Arakhamia-Grant, Ketevan"]
[Black "Volkov, Sergey"]
[Result "0-1"]
[WhiteElo "2405"]
[BlackElo "2554"]
[PlyCount "80"]
[EventDate "2000.10.14"]
[EventType "swiss"]
[EventRounds "9"]
[EventCountry "IOM"]
[SourceTitle "BritBase"]
[SourceDate "2008.07.14"]
[SourceVersion "1"]
[SourceVersionDate "2008.07.14"]
[SourceQuality "2"]

1. e4 e6 2. d4 d5 3. Nc3 Nf6 4. e5 Nfd7 5. Nce2 c5 6. c3 Nc6 7. f4 Qb6 8. Nf3
a5 9. a3 a4 10. h4 Ra7 11. f5 exf5 12. Nf4 cxd4 13. cxd4 Qa5+ 14. Bd2 Qd8 15.
Bd3 Nb6 16. Qc2 g6 17. h5 g5 18. Ne2 f4 19. Bxh7 Nc4 20. Bf5 g4 21. Ng5 Qxg5
22. Bxc8 Nxd2 23. Bxb7 Ne7 24. Qc7 Rxb7 25. Qxb7 Nc4 26. Qa8+ Kd7 27. Qxa4+ Ke6
28. Qa6+ Kf5 29. Ng3+ fxg3 30. O-O+ Ke4 31. Rae1+ Ne3 32. Qe2 Rxh5 33. Qc2+
Kxd4 34. Qc3+ Ke4 35. Qc2+ Kxe5 36. Qc7+ Ke6 37. Qxg3 Bh6 38. Qc7 f5 39. Qb6+
Kf7 40. Rf2 g3 0-1

[Event "Monarch Assurance Isle of Man 9th"]
[Site "Port Erin IOM"]
[Date "2000.10.20"]
[Round "7.3"]
[White "Sherbakov, Ruslan"]
[Black "Kosteniuk, Alexandra"]
[Result "1-0"]
[WhiteElo "2558"]
[BlackElo "2398"]
[PlyCount "57"]
[EventDate "2000.10.14"]
[EventType "swiss"]
[EventRounds "9"]
[EventCountry "IOM"]
[SourceTitle "BritBase"]
[SourceDate "2008.07.14"]
[SourceVersion "1"]
[SourceVersionDate "2008.07.14"]
[SourceQuality "2"]

1. d4 f5 2. c4 Nf6 3. Nc3 g6 4. g3 Bg7 5. Bg2 O-O 6. Nf3 d6 7. O-O Qe8 8. Nd5
Nxd5 9. cxd5 Qb5 10. Ng5 c6 11. e4 fxe4 12. Bxe4 Bf5 13. a4 Qc4 14. Bxf5 Rxf5
15. Qe1 cxd5 16. Qe6+ Kh8 17. Nf7+ Rxf7 18. Qxf7 Nc6 19. Be3 Rf8 20. Qe6 Bxd4
21. Rac1 Qe2 22. b4 Bf6 23. Qxd5 Nxb4 24. Qxb7 a5 25. Bh6 Rg8 26. Rc8 Qa2 27.
Rfc1 Bd4 28. Qf3 Bg7 29. Qa8 1-0